Home Print Resources E-Books E-Journals IIMT Lecture Series Library Membership Form Book Recommendation Form Campus Tour Take AdmissionAbout Us Contact Us

INTRODUCTION TO ARTIFICIAL INTELLIGENCE & SYSTEM EXPERT (Record no. 8080)

000 -LEADER
fixed length control field 00373nam a2200145Ia 4500
003 - CONTROL NUMBER IDENTIFIER
control field OSt
005 - DATE AND TIME OF LATEST TRANSACTION
control field 20231120092502.0
008 - FIXED-LENGTH DATA ELEMENTS--GENERAL INFORMATION
fixed length control field 170524s9999 xx 000 0 und d
020 ## - INTERNATIONAL STANDARD BOOK NUMBER
International Standard Book Number 9788120307773
040 ## - CATALOGING SOURCE
Transcribing agency IIMT UNIVERSITY
100 ## - MAIN ENTRY--PERSONAL NAME
Personal name PETTERSON- DAN W.
245 #0 - TITLE STATEMENT
Title INTRODUCTION TO ARTIFICIAL INTELLIGENCE & SYSTEM EXPERT
260 ## - PUBLICATION, DISTRIBUTION, ETC.
Name of publisher, distributor, etc. PHI NEW DELHI
942 ## - ADDED ENTRY ELEMENTS (KOHA)
Source of classification or shelving scheme
Koha item type Book Bank
Holdings
Withdrawn status Lost status Source of classification or shelving scheme Damaged status Not for loan Home library Current library Date acquired Barcode Date last seen Uniform Resource Identifier Price effective from Koha item type Total Checkouts Date last checked out
          IIMT University Central Library Meerut IIMT University Central Library Meerut 05/31/2017 01-B-86202 05/31/2017 ARTIFICIAL INTELLIGENCE 05/31/2017 Book Bank    
          IIMT University Central Library Meerut IIMT University Central Library Meerut 05/31/2017 01-B-86203 05/31/2017 ARTIFICIAL INTELLIGENCE 05/31/2017 Book Bank    
          IIMT University Central Library Meerut IIMT University Central Library Meerut 05/31/2017 01-B-86204 05/31/2017 ARTIFICIAL INTELLIGENCE 05/31/2017 Book Bank    
          IIMT University Central Library Meerut IIMT University Central Library Meerut 05/31/2017 01-B-86205 06/27/2019 ARTIFICIAL INTELLIGENCE 05/31/2017 Book Bank 1 06/12/2019
          IIMT University Central Library Meerut IIMT University Central Library Meerut 05/31/2017 01-B-86206 05/31/2017 ARTIFICIAL INTELLIGENCE 05/31/2017 Book Bank    
IIMT, Central Library. All Rights Reserved IIMT,UNIVERSITY © 2023
Implemented and Customised by I CLOUDE EMS
You Are OPAC Visitor No
free web counter

Powered by Koha